History of Nursing (Record no. 154136)

MARC details
000 -LEADER
fixed length control field 00326nam a2200133Ia 4500
008 - FIXED-LENGTH DATA ELEMENTS--GENERAL INFORMATION
fixed length control field 230411s9999 xx 000 0 und d
041 ## - LANGUAGE CODE
Language code of text/sound track or separate title eng
082 ## - DEWEY DECIMAL CLASSIFICATION NUMBER
Classification number F/610.7309/RAO/B03174
100 ## - MAIN ENTRY--PERSONAL NAME
Personal name Rao Grace
245 ## - TITLE STATEMENT
Title History of Nursing
260 ## - PUBLICATION, DISTRIBUTION, ETC. (IMPRINT)
Name of publisher, distributor, etc. N R Brothers
Place of publication, distribution, etc. Indore
Date of publication, distribution, etc. 1993
300 ## - PHYSICAL DESCRIPTION
Extent 116p
Holdings
Withdrawn status Lost status Damaged status Not for loan Collection code Home library Current library Date acquired Vendor Cost, normal purchase price Bill number Total Checkouts Full call number Barcode Date last seen Cost, replacement price Bill Date Koha item type Original Barcode
          Smt. Bakul Tambat Institute of Nursing Education Smt. Bakul Tambat Institute of Nursing Education 05/09/2005 S.K.Kothari,Pune. 75.00 9184   F 610.7309 RAO B03174 BTIN-BK-3174 11/04/2023 60.00 05/09/2005 Books B03174